Former Country Flags - Statistics

General Stats
  • This quiz has been taken 147 times
  • The average score is 10 of 16
Answer Stats
Picture Answer % Correct
Korea
98%
East Germany
95%
Palestine
88%
Tibet
84%
South Vietnam
76%
Zaïre
75%
Gran Colombia
63%
Quebec
62%
Ottoman Empire
60%
Ceylon
58%
Spanish Empire
54%
Portuguese Empire
44%
Qing Dynasty
43%
British Empire
39%
Empire of Brazil
32%
Dahomey
13%
No matching quizzes found
Score Distribution
Percent of People with Each Score
Percentile by Number Answered
Your Score History
You have not taken this quiz